Stochastic approach to determining reserves in non-life insurance

Teoretická úroveň stochastického prístupu k určeniu rezerv v neživotnom poistení a stanovenie konkrétneho použitia. Technické rezervy v neživotnom poistení, vypočítané klasickými poistno-matematickými metódami. Vytváranie rôznych scenárov vývoja zisku ako alternatívy k bežne používaným metódam.

Salvato in:
Dettagli Bibliografici
Autore principale: Horáková, Galina
Natura: Capitolo di libro
Lingua:inglese
Soggetti:
Tags: Aggiungi Tag
Nessun Tag, puoi essere il primo ad aggiungerne!!

MARC

LEADER 00000nla$a2200000$$$4500
001 0195415
005 20240502083455.0
041 0 |a eng 
044 |a CZ 
245 1 0 |a Stochastic approach to determining reserves in non-life insurance  |c Galina Horáková 
520 |a Teoretická úroveň stochastického prístupu k určeniu rezerv v neživotnom poistení a stanovenie konkrétneho použitia. Technické rezervy v neživotnom poistení, vypočítané klasickými poistno-matematickými metódami. Vytváranie rôznych scenárov vývoja zisku ako alternatívy k bežne používaným metódam. 
610 2 0 |a matematika poistná 
610 2 0 |a metódy aktuárske 
610 2 0 |a modely stochastické 
610 2 0 |a modely matematicko-štatistické 
610 2 0 |a pravdepodobnosť 
610 2 0 |a riziko poistné 
100 1 |a Horáková, Galina